00833nam a22002417a 450000500170000001000130001702000100003003500130004003700160005304000120006908200130008110000300009424500600012426000380018427000390022230000200026165000230028165000490030470000100035394200220036399900190038595201870040420170124110032.0 aA-334229 c60.00 aA-334229 bCen Lib/Ret aDPLbEN a415bMIS aMishra, Hari Mohan921866 aA critique of panini,s grammar /cby Hari Mohan Mishra aPatna bAnupam publicationsc1986 aOpp. Patna CollegebPatna e800004 a92p. c20cm(Hb) aLinguistics921867 aPanini,s Astadhyayi-Trimuni Vyakarana921868 921858 2ddccENh415mMIS c127900d127900 04104070aLbLd2015-06-30eCen Lib/Retg60.00l0o415 MISpA-334229r2015-06-30 00:00:00t1v60.00w2015-06-30yENzWritten off on approval by DLB (By Circulation); dtd 15-06-2023